00643cam a22002171 4500001001300000003000400013005001700017008004100034010001700075035002000092040002300112042001200135050002500147082001000172100004800182245004800230260007300278300001800351490003900369999001700408ca 34001988 DLC20260227111136.0890714s1933 ohu 000 0 eng  aca 34001988  a(OCoLC)20008345 aDLCcRPBdRPBdDLC apremarc00aPS3539.H578bC7 1933 a812.51 aThomas, Gertrude I.q(Gertrude Ida),d1889-10aCrazy about it?cBy Gail White [pseud.] ... aFranklin, O.,aDenver, Colo.,bEldridge Entertainment House,cc1933. a13 p.c19 cm.0 aEldridge plays for girls and women c17680d17680